[Event "XVII Aberto "]
[Site "Ourense"]
[Date "2008.07.10"]
[Round "8.24"]
[White "Gutierrez Bustillo, Diego"]
[Black "Villalta Bustillo, Igor"]
[Result "1-0"]
[WhiteElo "1947"]
[BlackElo "2146"]
[PlyCount "66"]
[EventDate "2008.07.03"]

1. e4 e6 2. d4 b6 3. Nf3 Bb7 4. Bd3 Nf6 5. Nbd2 d5 6. e5 Nfd7 7. Qe2 c5 8. c3
Nc6 9. a3 Be7 10. Nf1 O-O 11. h4 h6 12. g4 a6 13. g5 h5 14. g6 fxg6 15. Bxg6
cxd4 16. cxd4 Qc7 17. Ng5 Bxg5 18. hxg5 Ne7 19. Qxh5 Nxg6 20. Qxg6 Nb8 21. Qh5
Qc2 22. f3 Qf5 23. Ng3 Qxf3 24. Qh7+ Kf7 25. Rf1 Qxf1+ 26. Nxf1 Rg8 27. g6+ Kf8
28. Qh4 Ke8 29. Bd2 Nc6 30. Rc1 a5 31. Qg4 Kd7 32. Ne3 Ne7 33. b4 Rh8 1-0

[Event "XVII Aberto "]
[Site "Ourense"]
[Date "2008.07.10"]
[Round "8.26"]
[White "Conde Carvajal, Juan Delfin"]
[Black "De Nacimiento Montaño, Angel"]
[Result "0-1"]
[WhiteElo "1873"]
[BlackElo "2099"]
[PlyCount "54"]
[EventDate "2008.07.03"]

1. d4 g6 2. c4 Bg7 3. Nc3 c5 4. Nf3 cxd4 5. Nxd4 Nc6 6. Nxc6 bxc6 7. e4 d6 8.
Bd3 Nf6 9. O-O O-O 10. Rb1 Rb8 11. b3 Bb7 12. Bb2 d5 13. Qc2 e5 14. Rfe1 d4 15.
Ne2 c5 16. h3 Nh5 17. Ba3 Qa5 18. Qc1 f5 19. b4 Qd8 20. f3 fxe4 21. fxe4 Qh4
22. Qc2 Bh6 23. bxc5 Be3+ 24. Kh1 Rf3 25. Ng1 Rf7 26. c6 Ng3+ 27. Kh2 Qf4 0-1

[Event "XVII Aberto "]
[Site "Ourense"]
[Date "2008.07.10"]
[Round "8.28"]
[White "Salgado Gonzalez, Julio"]
[Black "Lorenzo Duran, Marcos"]
[Result "0-1"]
[WhiteElo "1916"]
[BlackElo "2214"]
[PlyCount "52"]
[EventDate "2008.07.03"]

1. d4 d5 2. Bf4 Nf6 3. e3 c5 4. dxc5 Nc6 5. Nf3 Bg4 6. Nc3 e5 7. Bg5 e4 8. h3
Be6 9. Nd4 Bxc5 10. Bb5 Rc8 11. O-O O-O 12. Bxc6 bxc6 13. f3 h6 14. Bxf6 Qxf6
15. fxe4 Qe5 16. Nxe6 Bxe3+ 17. Kh1 fxe6 18. exd5 Rxf1+ 19. Qxf1 cxd5 20. Qa6
Rc7 21. Qb5 Bc5 22. Qb8+ Kh7 23. Nb5 Qxb2 24. Qxc7 Qxa1+ 25. Kh2 Bg1+ 26. Kg3
Qe1+ 0-1

[Event "XVII Aberto "]
[Site "Ourense"]
[Date "2008.07.10"]
[Round "8.29"]
[White "Garcia Fernandez, Manuel"]
[Black "Carril Garcia, Luis"]
[Result "1-0"]
[WhiteElo "1873"]
[BlackElo "2034"]
[PlyCount "157"]
[EventDate "2008.07.03"]

1. e4 e6 2. d4 d5 3. Nd2 c5 4. exd5 Qxd5 5. Ngf3 cxd4 6. Bc4 Qd6 7. O-O Nf6 8.
Nb3 Nc6 9. Nbxd4 Nxd4 10. Qxd4 Qxd4 11. Nxd4 Bd7 12. Be2 Rc8 13. c4 Bc5 14. Be3
O-O 15. Rfd1 Rfd8 16. Nc2 Bxe3 17. Nxe3 Bc6 18. b4 Ba4 19. Rxd8+ Rxd8 20. Bd1
Bc6 21. Bc2 Kf8 22. Kf1 Ke7 23. f3 h5 24. Ke2 g5 25. Rd1 Rg8 26. Rd4 g4 27. b5
gxf3+ 28. gxf3 Bd7 29. a4 Rg5 30. Be4 Nxe4 31. Rxe4 Kd6 32. Rd4+ Kc7 33. Rd1
Be8 34. f4 Rc5 35. Rg1 a6 36. Rg8 Kd7 37. Kd3 axb5 38. axb5 Ke7 39. Kd4 b6 40.
Nd1 f6 41. Ne3 Kf7 42. Rh8 Ke7 43. Rh7+ Bf7 44. Rh8 Be8 45. Rg8 Kf7 46. Rg1 e5+
47. fxe5 Rxe5 48. Nd5 Re2 49. Rf1 Rd2+ 50. Kc3 Rxh2 51. Rxf6+ Kg7 52. Rxb6 Bg6
53. Nf4 Be4 54. Re6 Bf5 55. Re2 Rh4 56. Rf2 Bd7 57. Kd4 Rh1 58. Rb2 Kf6 59. c5
Rd1+ 60. Ke3 Rc1 61. Nd3 Rc4 62. b6 Bc6 63. b7 Bxb7 64. Rxb7 Ke6 65. Rb4 Rc2
66. Rh4 Kd7 67. Kd4 Rg2 68. Rxh5 Kc6 69. Rh6+ Kc7 70. Kd5 Rg5+ 71. Ne5 Rg1 72.
Rh7+ Kc8 73. Kc6 Rg8 74. Ra7 Kb8 75. Kb6 Rg1 76. Rb7+ Kc8 77. Rh7 Rg8 78. c6
Re8 79. Ra7 1-0

[Event "XVII Aberto "]
[Site "Ourense"]
[Date "2008.07.10"]
[Round "8.30"]
[White "De Sousa Da Silva, Armando"]
[Black "Rey Torres, Salvador"]
[Result "1-0"]
[WhiteElo "2031"]
[BlackElo "1906"]
[PlyCount "79"]
[EventDate "2008.07.03"]

1. d4 d5 2. Nf3 c5 3. dxc5 Nc6 4. c3 Bg4 5. Nbd2 e5 6. b4 a6 7. Bb2 Nf6 8. g3
Qd7 9. h3 Be6 10. Ng5 e4 11. Nxe6 Qxe6 12. e3 Ne5 13. Qc2 Rd8 14. Be2 h5 15.
O-O-O g6 16. Nb3 Qf5 17. Nd4 Qc8 18. Qa4+ Qd7 19. c6 bxc6 20. Qxa6 Be7 21. b5
c5 22. Nc6 Nxc6 23. bxc6 Qc7 24. c4 O-O 25. cxd5 Nxd5 26. Bc4 Nb4 27. Qb7 Bd6
28. a3 Qxc6 29. Qxc6 Nxc6 30. Bd5 Na5 31. Bc3 Bc7 32. Bxe4 Rfe8 33. Bd5 Rb8 34.
Kc2 Nb7 35. Bxb7 Rxb7 36. Rd7 Ra8 37. Rhd1 Kf8 38. Bf6 Ke8 39. Re7+ Kf8 40.
Rdd7 1-0

[Event "XVII Aberto "]
[Site "Ourense"]
[Date "2008.07.10"]
[Round "8.31"]
[White "Ferreira, Miguel"]
[Black "Perez Pascual, Arturo"]
[Result "0-1"]
[WhiteElo "1807"]
[BlackElo "2016"]
[PlyCount "148"]
[EventDate "2008.07.03"]

1. e4 e5 2. Nf3 Nf6 3. Nxe5 d6 4. Nf3 Nxe4 5. Qe2 Qe7 6. d3 Nf6 7. Bg5 Qxe2+ 8.
Bxe2 Be7 9. Nc3 c6 10. O-O-O h6 11. Bh4 Na6 12. Rde1 Nc7 13. Bd1 Ne6 14. Nd2 d5
15. Rhf1 g5 16. Bg3 Nf4 17. Bxf4 gxf4 18. h3 Be6 19. Ne2 Bd6 20. Nd4 Kd7 21.
Nxe6 fxe6 22. Nf3 Rhg8 23. Rg1 Rg7 24. Nd4 Re8 25. Bf3 c5 26. Nb5 Bb8 27. Re2
a6 28. Nc3 Bc7 29. Rd1 b5 30. a3 Kd6 31. Rde1 Ba5 32. Rd1 Rc7 33. Na2 b4 34.
axb4 cxb4 35. b3 e5 36. Kb2 Rce7 37. Nc1 Bb6 38. Na2 Bd4+ 39. c3 bxc3+ 40. Nxc3
Rc7 41. Rc2 Rec8 42. Rdc1 h5 43. b4 e4 44. dxe4 dxe4 45. Be2 Rxc3 46. Rxc3 Rxc3
47. Rxc3 Nd5 48. Bxa6 Nxc3 49. Kc2 Nd5 50. Be2 h4 51. f3 e3 52. Kd3 Bc3 53. b5
Kc5 54. Ke4 Ba5 55. Bd3 Bc7 56. Kf5 Kd4 57. Bf1 Kc3 58. Kg4 Bd8 59. b6 Bxb6 60.
Kxh4 Kd2 61. Kg4 Bc7 62. h4 e2 63. Bxe2 Kxe2 64. h5 Kf2 65. Kh3 Ne3 66. h6 Nxg2
67. h7 Be5 68. Kh2 Kxf3 69. Kg1 Bd4+ 70. Kh1 Nh4 71. Kh2 Ke2 72. Kh3 f3 73.
Kxh4 f2 74. h8=Q Bxh8 0-1

[Event "XVII Aberto "]
[Site "Ourense"]
[Date "2008.07.10"]
[Round "8.34"]
[White "Piay Garcia, Alba"]
[Black "Gomez Dominguez, Breixo"]
[Result "1/2-1/2"]
[WhiteElo "1938"]
[BlackElo "1856"]
[PlyCount "51"]
[EventDate "2008.07.03"]

1. e4 e6 2. d4 d5 3. e5 c5 4. c3 Qb6 5. Nf3 Nc6 6. Bd3 Bd7 7. O-O cxd4 8. cxd4
Nxd4 9. Nxd4 Qxd4 10. Nc3 Qxe5 11. Re1 Qd6 12. Nb5 Bxb5 13. Bxb5+ Kd8 14. Bd2
Nf6 15. Ba5+ b6 16. Bd2 Ne4 17. Rxe4 dxe4 18. Qa4 Qxd2 19. Rd1 Qxd1+ 20. Qxd1+
Ke7 21. Qd7+ Kf6 22. Qd4+ e5 23. Qxe4 Bc5 24. Qh4+ Ke6 25. Qg4+ Kf6 26. Qh4+
1/2-1/2

[Event "XVII Aberto "]
[Site "Ourense"]
[Date "2008.07.10"]
[Round "8.35"]
[White "Villar Perez, Samuel"]
[Black "Cid Liston, Ramon"]
[Result "1-0"]
[WhiteElo "1937"]
[BlackElo "1517"]
[PlyCount "81"]
[EventDate "2008.07.03"]

1. d4 d5 2. Nf3 Nf6 3. Bf4 c6 4. e3 Bg4 5. c3 e6 6. Qc2 Bxf3 7. gxf3 Nh5 8. Bg3
Bd6 9. Bd3 h6 10. Bxd6 Qxd6 11. f4 Nd7 12. Nd2 O-O-O 13. Nf3 Kb8 14. O-O-O c5
15. Ne5 Qe7 16. Nxf7 Qxf7 17. Bg6 Qf6 18. Bxh5 Qh4 19. Bf7 cxd4 20. Rxd4 e5 21.
fxe5 Qe7 22. Bxd5 Qxe5 23. Qe4 Qxe4 24. Bxe4 b6 25. Rhd1 Kc7 26. Kc2 Rhf8 27.
f4 Rfe8 28. h4 Nc5 29. Rxd8 Rxd8 30. Rxd8 Kxd8 31. Bf3 Ke7 32. b4 Ne6 33. Kd3
Kd6 34. c4 Nc7 35. e4 Ke6 36. Kd4 Kf6 37. Bg4 g5 38. e5+ Kg6 39. hxg5 hxg5 40.
f5+ Kf7 41. Ke4 1-0

[Event "XVII Aberto "]
[Site "Ourense"]
[Date "2008.07.10"]
[Round "8.36"]
[White "Margarido, Ricardo Emanuel Tor"]
[Black "Figueiredo, Bruno Antonio"]
[Result "1/2-1/2"]
[WhiteElo "1864"]
[BlackElo "1933"]
[PlyCount "63"]
[EventDate "2008.07.03"]

1. e4 c5 2. Nf3 Nc6 3. d4 cxd4 4. c3 Nf6 5. e5 Nd5 6. cxd4 d6 7. Bc4 Nb6 8. Bb5
d5 9. O-O Bg4 10. Be3 e6 11. Nbd2 Be7 12. Rc1 Rc8 13. Re1 O-O 14. a3 Na5 15.
Qe2 a6 16. Bd3 Bxf3 17. Qxf3 Nac4 18. Nxc4 dxc4 19. Be4 Nd5 20. Qg4 Nxe3 21.
Rxe3 Bg5 22. Rg3 Bh6 23. Qh5 Kh8 24. Rd1 Qb6 25. Qe2 g6 26. h4 Rfd8 27. Rf3 Rc7
28. d5 exd5 29. Bxd5 Rcd7 30. Rf6 Qc5 31. Qf3 Rxd5 32. Rxf7 1/2-1/2

[Event "XVII Aberto "]
[Site "Ourense"]
[Date "2008.07.10"]
[Round "8.37"]
[White "Outomuro Nieves, Rafael"]
[Black "Novoa Siota, Jose Antonio"]
[Result "1/2-1/2"]
[WhiteElo "2051"]
[BlackElo "1725"]
[PlyCount "98"]
[EventDate "2008.07.03"]

1. e4 c6 2. d4 d5 3. Nc3 dxe4 4. Nxe4 Bf5 5. Ng3 Bg6 6. Nf3 e6 7. Ne5 Bd6 8.
Nxg6 hxg6 9. Qd3 Qc7 10. Bd2 Nd7 11. O-O-O Ngf6 12. Be2 O-O-O 13. h3 Bf4 14.
Qa3 Bxd2+ 15. Rxd2 a6 16. Rhd1 Nb6 17. Kb1 Rd7 18. Qb3 Rhd8 19. Bf3 Na8 20. c4
Qb6 21. Qc3 Nc7 22. Ne4 Nxe4 23. Bxe4 Ne8 24. g4 Qc7 25. b3 Nf6 26. Bc2 Kb8 27.
Qe3 Ne8 28. f4 Re7 29. Qf2 Nf6 30. Qf3 Qb6 31. Qe3 Qc7 32. Kb2 Ne8 33. Qe5 Nf6
34. Qxc7+ Kxc7 35. Kc3 Red7 36. b4 b5 37. g5 Ne8 38. c5 Kb7 39. a4 Nc7 40. Be4
Rh8 41. Rd3 Rh4 42. Rf3 Nd5+ 43. Bxd5 Rxd5 44. axb5 axb5 45. Re1 Rf5 46. Re4
Kc7 47. Kd3 Kd7 48. Ke3 Ke7 49. Re5 Rh8 1/2-1/2

[Event "XVII Aberto "]
[Site "Ourense"]
[Date "2008.07.10"]
[Round "8.39"]
[White "Andrade, Nuno Filipe"]
[Black "Hermida Araujo, Lino"]
[Result "0-1"]
[WhiteElo "1445"]
[BlackElo "1907"]
[PlyCount "94"]
[EventDate "2008.07.03"]

1. c4 d6 2. Nc3 g6 3. e4 Bg7 4. Nge2 c5 5. d3 Nc6 6. g3 Nd4 7. Bg2 Bg4 8. O-O
Qd7 9. f3 Bh3 10. Rb1 h5 11. Be3 h4 12. Bxh3 Qxh3 13. Nf4 Qd7 14. g4 Nf6 15.
Bxd4 cxd4 16. Nce2 O-O-O 17. b4 Bh6 18. Ng2 e5 19. a4 Ne8 20. h3 f5 21. b5 Ng7
22. Qb3 Ne6 23. a5 Nc5 24. Qc2 Rdf8 25. Kh1 Rf7 26. Kg1 Bg5 27. Kh1 Rhf8 28.
Kg1 fxg4 29. fxg4 Rf3 30. b6 a6 31. Rbd1 Qf7 32. Qb1 Rxf1+ 33. Rxf1 Qxf1+ 34.
Qxf1 Rxf1+ 35. Kxf1 Nxd3 36. Ng1 Nb2 37. Nf3 Bd8 38. Nd2 Kd7 39. Ne1 Kc6 40.
Ke2 Kc5 41. Nd3+ Nxd3 42. Kxd3 Kb4 43. c5 Kxc5 44. Nc4 Bg5 45. Nb2 Bc1 46. Nc4
g5 47. Nd2 Bxd2 0-1

[Event "XVII Aberto "]
[Site "Ourense"]
[Date "2008.07.10"]
[Round "8.41"]
[White "Gallego Martin, Miguel"]
[Black "Sabuz Forneiro, Martin"]
[Result "1-0"]
[WhiteElo "1848"]
[BlackElo "1469"]
[PlyCount "55"]
[EventDate "2008.07.03"]

1. d4 e6 2. c4 d5 3. Nf3 Bd6 4. Nc3 Ne7 5. c5 Bxc5 6. dxc5 Nbc6 7. Bf4 Ng6 8.
e3 h6 9. Bg3 O-O 10. Be2 Qe7 11. O-O Rd8 12. Rc1 e5 13. Nxd5 Qe6 14. e4 Nb4 15.
Qb3 Nxd5 16. exd5 Qxd5 17. Bc4 Qd7 18. Rcd1 Qe7 19. Rxd8+ Qxd8 20. Bxf7+ Kh7
21. Bxg6+ Kxg6 22. Nxe5+ Kh7 23. Rd1 Qg5 24. h4 Qe7 25. Qd3+ Kg8 26. Qd8+ Qxd8
27. Rxd8+ Kh7 28. h5 1-0

[Event "XVII Aberto "]
[Site "Ourense"]
[Date "2008.07.10"]
[Round "8.43"]
[White "Mateus, André"]
[Black "Cauchy Fernandez, Amando"]
[Result "1/2-1/2"]
[WhiteElo "1445"]
[BlackElo "1790"]
[PlyCount "75"]
[EventDate "2008.07.03"]

1. e4 c5 2. Nf3 Nc6 3. Bb5 e6 4. O-O g6 5. c3 Bg7 6. d4 cxd4 7. cxd4 d5 8. e5
Nge7 9. Nc3 O-O 10. Bg5 Qb6 11. Bxc6 Nxc6 12. Qd2 f6 13. exf6 Bxf6 14. Bxf6
Rxf6 15. a3 Qd8 16. b4 a6 17. Ne5 Nxe5 18. dxe5 Rf5 19. f4 Bd7 20. Ne2 Bb5 21.
Rf2 Bxe2 22. Rxe2 Qb6+ 23. Kh1 Rc8 24. g3 Qc6 25. Ra2 Rff8 26. Rc2 Qd7 27. Rxc8
Rxc8 28. Re3 Qc6 29. Kg1 Kf7 30. Kf2 Ke7 31. g4 Qc4 32. Rd3 Rf8 33. Rd4 Qb3 34.
Rd3 Rxf4+ 35. Qxf4 Qxd3 36. Qf6+ Kd7 37. Qf7+ Kc6 38. Qxe6+ 1/2-1/2

[Event "XVII Aberto "]
[Site "Ourense"]
[Date "2008.07.10"]
[Round "8.48"]
[White "Casal Salgado, Jose Luis"]
[Black "Blazquez Criado, Sergio"]
[Result "1-0"]
[WhiteElo "1855"]
[BlackElo "1645"]
[PlyCount "127"]
[EventDate "2008.07.03"]

1. d4 Nf6 2. Nf3 d5 3. c4 e6 4. Nc3 Nbd7 5. Bg5 c6 6. e3 Qa5 7. Bxf6 Nxf6 8.
Nd2 Bb4 9. Qc2 O-O 10. Nb3 Qc7 11. a3 Be7 12. cxd5 exd5 13. Bd3 Re8 14. Rc1 Bd6
15. Nb5 Qe7 16. Nxd6 Qxd6 17. Nd2 Bd7 18. Nf3 Rac8 19. Qc5 Qxc5 20. dxc5 Ne4
21. Bxe4 Rxe4 22. O-O Bf5 23. Nd4 Bg6 24. Rc3 Rce8 25. b4 R4e7 26. a4 Rc7 27.
Rfc1 Rb8 28. b5 a6 29. Rb3 axb5 30. axb5 Rbc8 31. b6 Re7 32. Ra3 Rce8 33. h3
Be4 34. Ra7 g6 35. Rca1 Bd3 36. Ra8 Rxa8 37. Rxa8+ Kg7 38. Ra7 Bb5 39. Nxb5
cxb5 40. c6 b4 41. c7 Re8 42. Ra4 Kf6 43. Rxb4 Ke6 44. Rd4 f5 45. f3 Ke5 46.
Rd1 Rc8 47. Kf2 Re8 48. e4 fxe4 49. fxe4 d4 50. Rc1 Rc8 51. Ke2 Kxe4 52. Rc4
Kd5 53. Kd3 Ke6 54. Rxd4 Ke7 55. g4 h6 56. h4 Rg8 57. Ke4 Rf8 58. Ke5 Re8 59.
Rd8 Rxd8 60. cxd8=Q+ Kxd8 61. Kf6 Kd7 62. Kxg6 Kc6 63. Kxh6 Kxb6 64. g5 1-0

[Event "XVII Aberto "]
[Site "Ourense"]
[Date "2008.07.10"]
[Round "8.51"]
[White "Lorenzo Serrano, Henar"]
[Black "Gil Fernandez, Juan Jose"]
[Result "1/2-1/2"]
[WhiteElo "1745"]
[BlackElo "1551"]
[PlyCount "85"]
[EventDate "2008.07.03"]

1. e4 c5 2. Nf3 Nc6 3. d4 cxd4 4. Nxd4 Nf6 5. Nc3 e5 6. Ndb5 d6 7. Bg5 a6 8.
Na3 b5 9. Nd5 Be7 10. Bxf6 Bxf6 11. c4 b4 12. Nc2 a5 13. Qf3 Be6 14. Rd1 Bg5
15. h4 Bxh4 16. Rxh4 Qxh4 17. Nc7+ Ke7 18. Nxa8 Rxa8 19. Qe3 Qf4 20. Qxf4 exf4
21. Nd4 Ne5 22. b3 a4 23. Nb5 axb3 24. axb3 Ra6 25. Be2 Nd7 26. Bd3 Nc5 27. Bc2
Ra2 28. Nd4 Bd7 29. Rd2 Rb2 30. Ke2 Kf6 31. Nb5 Bxb5 32. cxb5 Nxb3 33. Bxb3
Rxb3 34. Rxd6+ Ke7 35. Rd4 Rc3 36. Rxb4 Rc7 37. b6 Rb7 38. Kf3 Kd6 39. Kxf4 Kc5
40. Rb3 Rxb6 41. Rxb6 Kxb6 42. Ke5 Kc6 43. f4 1/2-1/2

[Event "XVII Aberto "]
[Site "Ourense"]
[Date "2008.07.11"]
[Round "9.1"]
[White "Ortiz Suarez, Isam"]
[Black "Manolache, Marius"]
[Result "1/2-1/2"]
[WhiteElo "2392"]
[BlackElo "2521"]
[PlyCount "92"]
[EventDate "2008.07.03"]

1. e4 c5 2. Nf3 e6 3. d4 cxd4 4. Nxd4 a6 5. c4 Nf6 6. Nc3 Qc7 7. a3 Be7 8. Be2
O-O 9. O-O Nc6 10. Be3 d6 11. Rc1 Nxd4 12. Qxd4 Bd7 13. b4 Rfc8 14. Rfd1 Qb8
15. Qd3 Bc6 16. Bf4 Rd8 17. a4 b6 18. Qe3 Qb7 19. Bf3 e5 20. Bg3 h6 21. Rb1
Rac8 22. Qd3 Qa8 23. h3 Rc7 24. Qe3 Bb7 25. Nd5 Bxd5 26. cxd5 Qb7 27. b5 axb5
28. Rxb5 Qa7 29. Qxb6 Qxa4 30. Qxc7 Qxb5 31. Bxe5 dxe5 32. Qxe7 Qb8 33. d6 Re8
34. Qc7 Rc8 35. Qa5 Re8 36. Bg4 Qd8 37. Qb5 Qb8 38. Qa5 Qd8 39. Qa4 Qa8 40. Bd7
Qxa4 41. Bxa4 Rd8 42. Bc6 Kf8 43. g3 Ne8 44. Bxe8 Kxe8 45. Rd5 f6 46. h4 Kd7
1/2-1/2

[Event "XVII Aberto "]
[Site "Ourense"]
[Date "2008.07.11"]
[Round "9.3"]
[White "Rusev, Krasimir"]
[Black "Almagro Llamas, Pablo"]
[Result "1-0"]
[WhiteElo "2508"]
[BlackElo "2492"]
[PlyCount "69"]
[EventDate "2008.07.03"]

1. Nf3 Nf6 2. b3 d5 3. Bb2 c6 4. e3 g6 5. c4 Bg7 6. Be2 O-O 7. O-O dxc4 8. bxc4
Bf5 9. d3 Nbd7 10. Nd4 Ne8 11. Qc2 Nd6 12. Nd2 Re8 13. c5 Nb5 14. Nxb5 cxb5 15.
Bxg7 Kxg7 16. Qb2+ Kg8 17. Qxb5 Qc7 18. Rac1 Nf6 19. d4 Ne4 20. Rfd1 Nxd2 21.
Rxd2 Be4 22. f3 Bc6 23. Qb3 e6 24. e4 Rad8 25. Bc4 e5 26. d5 Qa5 27. Qe3 Ba4
28. Bb3 Bxb3 29. axb3 Rc8 30. h3 Re7 31. Rdc2 b6 32. c6 Qb4 33. c7 Qd6 34. Rc6
Qd7 35. b4 1-0

[Event "XVII Aberto "]
[Site "Ourense"]
[Date "2008.07.11"]
[Round "9.5"]
[White "Filip, Lucian"]
[Black "Garcia Castro, Pablo"]
[Result "1-0"]
[WhiteElo "2461"]
[BlackElo "2390"]
[PlyCount "165"]
[EventDate "2008.07.03"]

1. Nf3 d6 2. d4 Nf6 3. c4 g6 4. Nc3 Bf5 5. Nh4 Bd7 6. e4 e5 7. Nf3 exd4 8. Nxd4
Bg7 9. Be2 O-O 10. Be3 Re8 11. f3 Nc6 12. Qd2 Nh5 13. O-O Nxd4 14. Bxd4 Nf4 15.
Rfd1 Qg5 16. Bf1 Bxd4+ 17. Qxd4 Bc6 18. Kh1 Ne6 19. Qf2 a5 20. b3 b6 21. a3 Qf6
22. Rac1 Nc5 23. Qc2 Ra7 24. Ne2 h5 25. Nd4 Bd7 26. Rb1 h4 27. Kg1 Re5 28. Qf2
Ne6 29. Nc2 Nf4 30. Ne3 Rh5 31. Nd5 Nxd5 32. cxd5 Re5 33. Re1 g5 34. g3 Kg7 35.
Rbc1 hxg3 36. hxg3 Re8 37. Re3 Rb8 38. Bg2 Qh6 39. Qb2+ Kf8 40. Kf2 Qg7 41.
Qxg7+ Kxg7 42. Rec3 Rc8 43. f4 Kf6 44. Ke3 gxf4+ 45. gxf4 Ke7 46. e5 Rg8 47.
Bf3 Kd8 48. Rh1 b5 49. Rcc1 dxe5 50. fxe5 Ra6 51. Rh7 Be8 52. Rh2 Bd7 53. Kf4
Ra7 54. Rh6 Bc8 55. Rh7 Rf8 56. Bh5 Bb7 57. Rxf7 Rxf7+ 58. Bxf7 Bc8 59. Bg6 Ra6
60. e6 Bxe6 61. dxe6 Rxe6 62. Rd1+ Ke7 63. Bf5 Re2 64. Rd5 Ra2 65. Rxb5 Rxa3
66. Ke5 a4 67. b4 Rb3 68. Kd4 a3 69. Kc4 Rf3 70. Bd3 Rf4+ 71. Kb3 Kd6 72. Ra5
Kc6 73. Rxa3 Kb6 74. Ra6+ Kb7 75. Re6 Rh4 76. Be4+ Ka7 77. Kc4 Rh3 78. Kc5 Rc3+
79. Kb5 Ra3 80. Re8 c6+ 81. Kxc6 Rc3+ 82. Kb5 Rc5+ 83. Kxc5 1-0

[Event "XVII Aberto "]
[Site "Ourense"]
[Date "2008.07.11"]
[Round "9.6"]
[White "Perez Candelario, Manuel"]
[Black "Baltar Iglesias, David"]
[Result "1/2-1/2"]
[WhiteElo "2537"]
[BlackElo "2281"]
[PlyCount "38"]
[EventDate "2008.07.03"]

1. e4 Nc6 2. d4 d5 3. e5 Bf5 4. Be3 e6 5. c3 f6 6. f4 Nh6 7. Nf3 Bg6 8. Nbd2
Be7 9. Bb5 a6 10. Bxc6+ bxc6 11. Qa4 Qd7 12. h3 Nf5 13. Bf2 h5 14. g3 h4 15. g4
Ng3 16. Bxg3 hxg3 17. O-O-O c5 18. Qxd7+ Kxd7 19. Rdg1 cxd4 1/2-1/2

[Event "XVII Aberto "]
[Site "Ourense"]
[Date "2008.07.11"]
[Round "9.7"]
[White "Fernandez De Pablo, Miguel A"]
[Black "Guerra Mendez, Jose Angel"]
[Result "0-1"]
[WhiteElo "2232"]
[BlackElo "2456"]
[PlyCount "48"]
[EventDate "2008.07.03"]

1. e4 c5 2. Nf3 d6 3. d4 cxd4 4. Nxd4 Nf6 5. Nc3 a6 6. Bg5 e6 7. f4 Qb6 8. Nb3
Nbd7 9. Qf3 Be7 10. O-O-O h6 11. Bh4 Qc7 12. a3 g5 13. fxg5 Ne5 14. Qe2 Nfg4
15. h3 hxg5 16. Be1 Bd7 17. g3 Nf6 18. Nd4 O-O-O 19. Bg2 Kb8 20. Nf3 Nxf3 21.
Bxf3 Bc6 22. h4 Nd7 23. Nd5 exd5 24. exd5 Ba4 0-1

[Event "XVII Aberto "]
[Site "Ourense"]
[Date "2008.07.11"]
[Round "9.9"]
[White "Garcia-Ortega Mendez, Jose M"]
[Black "Spassov, Liuben"]
[Result "1/2-1/2"]
[WhiteElo "2196"]
[BlackElo "2428"]
[PlyCount "42"]
[EventDate "2008.07.03"]

1. d4 Nf6 2. Nf3 e6 3. c4 Bb4+ 4. Nbd2 b6 5. g3 Bb7 6. Bg2 O-O 7. a3 Be7 8. O-O
d5 9. Ne5 c5 10. cxd5 exd5 11. b3 Qc8 12. Bb2 Na6 13. Rc1 Qe6 14. Nd3 Rfd8 15.
Nf3 Ne4 16. Nf4 Qd6 17. Nd2 cxd4 18. Nf3 Nc3 19. Qd2 Ne4 20. Qd1 Nc3 21. Qd2
Ne4 1/2-1/2

[Event "XVII Aberto "]
[Site "Ourense"]
[Date "2008.07.11"]
[Round "9.10"]
[White "Arnaudov, G. Petar"]
[Black "Pazos Porta, Antonio"]
[Result "1-0"]
[WhiteElo "2311"]
[BlackElo "2189"]
[PlyCount "125"]
[EventDate "2008.07.03"]

1. d4 Nf6 2. Nf3 g6 3. c4 Bg7 4. Nc3 O-O 5. e4 d6 6. h3 e5 7. dxe5 dxe5 8. Qxd8
Rxd8 9. Bg5 Re8 10. Nd5 Nxd5 11. cxd5 c6 12. Bc4 cxd5 13. Bxd5 Nd7 14. Nd2 Nb6
15. Bb3 Be6 16. Be3 Rac8 17. O-O Nc4 18. Bxc4 Bxc4 19. Nxc4 Rxc4 20. f3 a6 21.
Rac1 Rec8 22. Rxc4 Rxc4 23. Rd1 Bf8 24. Rd5 f6 25. Rd8 Kf7 26. Rd7+ Be7 27.
Rxb7 Rc6 28. Kf1 Ke6 29. Rb6 Kd6 30. Ke2 Rxb6 31. Bxb6 Kc6 32. Be3 Kb5 33. Kd3
a5 34. b3 Ba3 35. Kc2 f5 36. Bf2 Bb4 37. a4+ Kc6 38. Be3 Be7 39. Kd3 Bd6 40.
Bd2 Bc7 41. Kc4 Bd8 42. Be1 h6 43. Bd2 h5 44. Be1 Bb6 45. Bh4 Be3 46. Be7 Bf2
47. Ba3 Bb6 48. Bb2 Bc7 49. Bc3 h4 50. Be1 Bd8 51. Bd2 Bb6 52. Bg5 Bf2 53. Be7
Be1 54. Bd8 Kd7 55. Bb6 Kc6 56. Bc5 Bg3 57. b4 axb4 58. Bxb4 Bf2 59. Bc3 Kd6
60. Kb5 Ke6 61. a5 Kd6 62. a6 Be3 63. Bb4+ 1-0

[Event "XVII Aberto "]
[Site "Ourense"]
[Date "2008.07.11"]
[Round "9.11"]
[White "Paunovic, Dragan"]
[Black "Lozoya Rodriguez, Alberto"]
[Result "1-0"]
[WhiteElo "2539"]
[BlackElo "2171"]
[PlyCount "89"]
[EventDate "2008.07.03"]

1. Nf3 c5 2. c4 Nc6 3. g3 e5 4. Nc3 g6 5. Bg2 Bg7 6. O-O d6 7. a3 a5 8. d3 f5
9. Rb1 Nf6 10. Bg5 h6 11. Bxf6 Bxf6 12. Nd5 Be6 13. e3 O-O 14. Ne1 Kg7 15. Nc2
Ra7 16. b4 axb4 17. axb4 Bxd5 18. Bxd5 Ne7 19. Bg2 b6 20. Ra1 Rxa1 21. Qxa1 f4
22. Be4 Rf7 23. bxc5 bxc5 24. Rb1 fxe3 25. Nxe3 Bg5 26. Nd5 Nxd5 27. Bxd5 Rc7
28. Qa5 Be7 29. Rb6 Qd7 30. Ra6 Kf6 31. h4 Bd8 32. Kg2 Kg7 33. Qb6 Be7 34. Ra8
Bf8 35. Be4 h5 36. Bd5 Qe7 37. Qa6 Qd7 38. Qb5 Ra7 39. Re8 Qc7 40. Re6 Qd7 41.
Qb2 Kh7 42. Qb8 Be7 43. Rxg6 Kxg6 44. Qg8+ Kh6 45. Be4 1-0

[Event "XVII Aberto "]
[Site "Ourense"]
[Date "2008.07.11"]
[Round "9.12"]
[White "Milchev, Nikolay"]
[Black "De Nacimiento Montaño, Angel"]
[Result "1-0"]
[WhiteElo "2356"]
[BlackElo "2099"]
[PlyCount "75"]
[EventDate "2008.07.03"]

1. Nf3 g6 2. d4 Bg7 3. c4 d6 4. h3 c5 5. d5 Nf6 6. Nc3 e6 7. e4 O-O 8. Bd3 Na6
9. O-O Nc7 10. a4 e5 11. Bg5 h6 12. Be3 a5 13. Kh2 Nh5 14. Ng1 Qf6 15. g3 Qe7
16. Be2 Nf6 17. Qd2 Kh7 18. Rae1 Nce8 19. Bd1 Ng8 20. f4 f6 21. Bg4 Bxg4 22.
hxg4 g5 23. Nh3 Qd7 24. Qe2 Kg6 25. Rf2 gxf4 26. gxf4 Kf7 27. fxe5 dxe5 28.
Bxc5 Nd6 29. Be3 Ke8 30. c5 Nf7 31. Qb5 Ne7 32. Rd1 Ng5 33. Kg3 Rc8 34. Nxg5
hxg5 35. Rh2 Ng8 36. Qxa5 Kf7 37. Qb5 Qe7 38. d6 1-0

[Event "XVII Aberto "]
[Site "Ourense"]
[Date "2008.07.11"]
[Round "9.13"]
[White "Vidal Del Rio, Diego"]
[Black "Cabezas Ayala, Ivan"]
[Result "0-1"]
[WhiteElo "2146"]
[BlackElo "2336"]
[PlyCount "86"]
[EventDate "2008.07.03"]

1. e4 e5 2. Nf3 Nc6 3. Bb5 Nf6 4. d3 d6 5. c3 Bd7 6. Ba4 g6 7. Nbd2 Bg7 8. Nf1
O-O 9. Ng3 Qe7 10. O-O h6 11. Bd2 Kh7 12. Bc2 Rad8 13. Ne1 d5 14. Kh1 Be6 15.
Qe2 a6 16. f4 dxe4 17. f5 exd3 18. Bxd3 Bc8 19. Nf3 Rxd3 20. Qxd3 e4 21. Qc2
exf3 22. Rxf3 Rd8 23. Re1 Qd7 24. Bc1 Qd5 25. Ref1 g5 26. Nh5 Ne5 27. Rh3 Neg4
28. Bxg5 Bxf5 29. Qc1 Ne4 30. Rhf3 Bg6 31. Bxd8 Qxh5 32. Bxc7 Qc5 33. Qf4 Ngf6
34. Bb8 Nd7 35. b4 Qd5 36. Ba7 Nxc3 37. Be3 Ne5 38. Rh3 h5 39. Bd4 Ne2 40. Qg5
Nxd4 41. Rd1 Qe4 42. Rh4 Qf5 43. Qc1 Nd3 0-1

[Event "XVII Aberto "]
[Site "Ourense"]
[Date "2008.07.11"]
[Round "9.14"]
[White "Mejuto De Ulloa, Jorge"]
[Black "Rivera Kuzawka, Daniel"]
[Result "1/2-1/2"]
[WhiteElo "2067"]
[BlackElo "2322"]
[PlyCount "54"]
[EventDate "2008.07.03"]

1. Nf3 Nf6 2. g3 c5 3. Bg2 g6 4. O-O Bg7 5. c4 O-O 6. Nc3 Nc6 7. d4 cxd4 8.
Nxd4 Ng4 9. Nxc6 dxc6 10. Qc2 Be6 11. b3 Qa5 12. Bb2 Rad8 13. Ne4 Bxb2 14. Qxb2
Bf5 15. Rad1 Bxe4 16. Bxe4 Qh5 17. h4 g5 18. Kg2 gxh4 19. Rxd8 h3+ 20. Kh1 Rxd8
21. Bf3 Qg5 22. Bxg4 Qxg4 23. Qe5 Rd7 24. Kh2 f6 25. Qe3 Qd4 26. Qe6+ Kg7 27.
Qxh3 Rd8 1/2-1/2